Planificación urbana y vivienda progresiva

Gespeichert in:
Bibliographische Detailangaben
1. Verfasser: Lungo Uclés, Mario
Körperschaft: CSUCA
Format: Text
Veröffentlicht: San José: CSUCA
Tags: Tag hinzufügen
Keine Tags, Fügen Sie den ersten Tag hinzu!

MARC

LEADER 00000 a a2200000 04500
001 21073
003
040
090 |a 091100  
100 |a Lungo Uclés, Mario  
110 |a CSUCA  
245 |a Planificación urbana y vivienda progresiva  
260 |a San José:   |b CSUCA  
300 |a 20 p.  
999 |c 11333  |d 11333